|
|
|
|
| LEADER |
00000nam0a2200000 4500 |
| 001 |
212315 |
| 005 |
20231101225740.0 |
| 010 |
|
|
|a 9785756706475
|
| 035 |
|
|
|a (RuTPU)RU\TPU\book\231960
|
| 090 |
|
|
|a 212315
|
| 100 |
|
|
|a 20120326d2012 m y0rusy50 ca
|
| 101 |
0 |
|
|a rus
|
| 102 |
|
|
|a RU
|
| 105 |
|
|
|a y j 001zy
|
| 200 |
1 |
|
|a Политическая кампания. Стратегии и технологии
|e учебник
|f Е. В. Забурдаева
|g Московский государственный институт международных отношений (МГИМО-Университет)
|
| 210 |
|
|
|a Москва
|c Аспект Пресс
|d 2012
|
| 215 |
|
|
|a 343 с.
|
| 320 |
|
|
|a Библиогр.: с. 324-329.
|
| 320 |
|
|
|a Глоссарий: с. 313-323.
|
| 330 |
|
|
|a В книге проанализировано развитие современной системы политических коммуникаций и технологий управления общественным мнением, намечены основные проблемные узлы и выявлены центры силы в коммуникационном поле при проведении политических кампаний. Учебник предполагает детальное изучение элементов стратегического планирования при проведении избирательных кампаний различного уровня и обучение самостоятельным навыкам разработки стратегического плана политической кампании, а также навыкам грамотной оценки ее результатов. Кроме того, книга позволяет оценить роль СМИ в политических кампаниях, ознакомиться с технологиями поведения опросов общественного мнения, получить базовые знания по разработке плана по фандрейзингу, кампании в сети Интернет и политической рекламе, формированию имиджа кандидата на выборную должность и другим фундаментальным направлениям проведения профессиональной политической кампании.Для студентов и магистрантов, изучающих дисциплины цикла "Связи с общественностью" и "Реклама".
|
| 606 |
1 |
|
|a Политические кампании
|2 stltpush
|3 (RuTPU)RU\TPU\subj\71680
|9 85471
|
| 610 |
1 |
|
|a политика
|
| 610 |
1 |
|
|a политические коммуникации
|
| 610 |
1 |
|
|a политическое консультирование
|
| 610 |
1 |
|
|a стратегическое планирование
|
| 610 |
1 |
|
|a СМИ
|
| 610 |
1 |
|
|a общественное мнение
|
| 610 |
1 |
|
|a фандрейзинг
|
| 610 |
1 |
|
|a реклама
|
| 610 |
1 |
|
|a спичрайтинг
|
| 610 |
1 |
|
|a дебаты
|
| 610 |
1 |
|
|a Интернет
|
| 610 |
1 |
|
|a имидж
|
| 610 |
1 |
|
|a избирательные кампании
|
| 610 |
1 |
|
|a кризисное управление
|
| 610 |
1 |
|
|a этика
|
| 610 |
1 |
|
|a учебные пособия
|
| 686 |
|
|
|a Ф3(2)68я73
|v LBC/SL-A
|2 rubbk
|
| 700 |
|
1 |
|a Забурдаева
|b Е. В.
|g Елена Владимировна
|
| 712 |
0 |
2 |
|a Московский государственный институт международных отношений (МГИМО-Университет)
|2 stltpush
|3 (RuTPU)RU\TPU\col\364
|
| 801 |
|
1 |
|a RU
|b 63413507
|c 20120326
|
| 801 |
|
2 |
|a RU
|b 63413507
|c 20150603
|g RCR
|
| 900 |
|
|
|a Политическая реклама
|
| 900 |
|
|
|a Политический PR
|
| 942 |
|
|
|c BK
|
| 951 |
|
|
|b 031600 Реклама и связи с общественностью
|
| 959 |
|
|
|a 6/20120126
|d 2
|e 344,00
|f ЧЗГЛ:1
|f АНЛ:1
|